000 00678nam a2200217 i 4500
001 141594
003 ES-MaACL
005 20250813234823.0
007 t|
008 070925m19091911sp |||| | spa d
100 1 _aVilliers, Charles Antoine Théodore.
_9115260
245 1 0 _aTraité des falsifications et altérations des substances alimentaires /
_cA. Villiers... et Eug. Collin... M. Fayole.
250 _a2e ed.
260 _aParis :
_bO. Doin,
_c1909-1911.
300 _a6 v. ;
_c27 cm.
650 1 7 _aAlimentos
_2embne
_99730
700 1 _aCollin, Eugène.
_939714
700 1 _aFayole, Marcel.
_949028
852 _aES-MaACL
_jF-1619-24
999 _c141594
_d141594